000 01352nam a2200337 a 4500
001 ebr10395567
003 CaPaEBR
006 m u
007 cr cn|||||||||
008 100615s2010 inua s 001 0 eng d
010 _z 2010929315
020 _z9780470584750 (pbk : alk. paper)
020 _z0470584750 (pbk : alk. paper)
020 _z9780470886878 (e-book)
040 _aCaPaEBR
_cCaPaEBR
035 _a(OCoLC)654472924
050 1 4 _aT385
_b.A47 2010eb
100 1 _aAlspach, Ted L.
245 1 0 _aIllustrator CS5 bible
_h[electronic resource] /
_cTed Alspach.
250 _a1st ed.
260 _aIndianapolis, Ind. :
_bWiley Pub., Inc.,
_c2010.
300 _axxvii, 710 p. :
_bill.
500 _aIncludes index.
505 0 _apt. 1. Illustrator basics -- pt. 2. Putting Illustrator to work -- pt. 3. Mastering Illustrator -- pt. 4. Getting art out of Illustrator.
533 _aElectronic reproduction.
_bPalo Alto, Calif. :
_cebrary,
_d2010.
_nAvailable via World Wide Web.
_nAccess may be limited to ebrary affiliated libraries.
630 0 0 _aAdobe Illustrator (Computer file)
650 0 _aComputer graphics.
655 7 _aElectronic books.
_2local
710 2 _aebrary, Inc.
856 4 0 _uhttp://site.ebrary.com/lib/rucke/Doc?id=10395567
_zAn electronic book accessible through the World Wide Web; click to view
999 _c190511
_d190511